MARC details
| 000 -CABECERA |
| campo de control de longitud fija |
01107cam a22002411 4500 |
| 001 - NÚMERO DE CONTROL |
| campo de control |
000016345 |
| 005 - FECHA Y HORA DE LA ÚLTIMA TRANSACCIÓN |
| campo de control |
20200929164401.0 |
| 008 - DATOS DE LONGITUD FIJA--INFORMACIÓN GENERAL |
| campo de control de longitud fija |
790223s1959 mx b 000 0 spa |
| 010 ## - NÚMERO DE CONTROL DE LA BIBLIOTECA DEL CONGRESO |
| Número de control de LC |
60042576 |
| 035 ## - NÚMERO DE CONTROL DEL SISTEMA |
| Número de control de sistema |
(OCoLC)4685276 |
| 040 ## - FUENTE DE LA CATALOGACIÓN |
| Centro catalogador/agencia de origen |
DO-SdBNP |
| Centro/agencia transcriptor |
MWalB |
| Centro/agencia modificador |
DLC |
| 042 ## - CÓDIGO DE AUTENTICACIÓN |
| Código de autenticación |
premarc |
| 050 00 - SIGNATURA TOPOGRÁFICA DE LA BIBLIOTECA DEL CONGRESO |
| Número de clasificación |
AC75 |
| Número de documento/Ítem |
.G68 |
| 100 2# - ENTRADA PRINCIPAL--NOMBRE DE PERSONA |
| Nombre de persona |
Gonzalez Suarez, Federico, |
| Fechas asociadas al nombre |
1844-1917. |
| 9 (RLIN) |
4687 |
| 245 00 - MENCIÓN DE TÍTULO |
| Título |
Federico Gonzalez Suarez. / |
| Mención de responsabilidad, etc. |
[Estudios y selecciones de Carlos Manuel Larrea]. |
| 260 ## - PUBLICACIÓN, DISTRIBUCIÓN, ETC. |
| Lugar de publicación, distribución, etc. |
Puebla, : |
| Nombre del editor, distribuidor, etc. |
J. M. Cajica Jr., |
| Fecha de publicación, distribución, etc. |
[1959]. |
| 300 ## - DESCRIPCIÓN FÍSICA |
| Extensión |
628 p. ; |
| Dimensiones |
22 cm. |
| 490 0# - MENCIÓN DE SERIE |
| Mención de serie |
Biblioteca ecuatoriana minima. La colonia y la republica |
| 504 ## - NOTA DE BIBLIOGRAFÍA, ETC. |
| Nota de bibliografía, etc. |
Bibliographical footnotes. |
| 505 0# - NOTA DE CONTENIDO CON FORMATO |
| Nota de contenido con formato |
Estudio historico sobre los Canaris.--Ligeras reflexiones sobre las razas indigenas.--Los aborigenes de Imbabura y del Carchi.--De historia eclesiastica del Ecuador.--La iglesia durante el gobierno de los reyes de Espana.--La poesia en America.--La poesia y la historia.--Bellaza literaria de la Biblia.--La poesia epica cristiana. |
| 700 1# - PUNTO DE ACCESO ADICIONAL--NOMBRE DE PERSONA |
| Nombre de persona |
Larrea, Carlos Manuel, |
| Fechas asociadas al nombre |
1887- |
| Término indicativo de función/relación |
ed. |
| 9 (RLIN) |
36459 |
| 910 ## - DATOS DE OPCIÓN DEL USUARIO (OCLC) |
| Datos de opción del usuario |
Catalogación derivada |